000 00248nam a2200109Ia 4500
008 190216s9999||||xx |||||||||||||| ||und||
100 _aRichard Cardem
245 0 _aDoctor In The House
260 _bPenguin Books
650 _aEnglish
942 _cBK
999 _c12827
_d12827